Politics and change in East Germany: an evaluation of socialist democracy
Guardado en:
| Autor principal: | |
|---|---|
| Autor Corporativo: | |
| Formato: | Texto |
| Publicado: |
Boulder, CO:
Westview
|
| Etiquetas: |
Agregar Etiqueta
Sin Etiquetas, Sea el primero en etiquetar este registro!
|
MARC
| LEADER | 00000 a a2200000 04500 | ||
|---|---|---|---|
| 001 | 23832 | ||
| 003 | |||
| 040 | |||
| 020 | |a 0-865531-451-9 | ||
| 090 | |a 168800 | ||
| 100 | |a Scharf, C. Bradley | ||
| 110 | |a Westview Press | ||
| 245 | |a Politics and change in East Germany: an evaluation of socialist democracy | ||
| 260 | |a Boulder, CO: |b Westview | ||
| 300 | |a 219 p | ||
| 999 | |c 17617 |d 17617 | ||
